00457nam a2200181Ia 4500003000900000008004100009040001300050040001300063041000800076100002200084245011300106250001000219260001000229260000900239300001100248300001000259490000600269IT-RoPAU120407s9999 xx 000 0 und d aIT-RoPAU cIT-RoPAU afra aAchille Desurmont aLa charité sacerdotale. Lecons elementaires de théologie pastorale d’aprés les écrite des Saints. aParis aTequi c1925 a621 p. c20 cm v1